Система оценки удовлетворенности учебным процессом для студентов института кибернетики ТПУ; Современные техника и технологии; Т. 3

Opis bibliograficzny
Parent link:Современные техника и технологии: сборник трудов XIX международной научно-практической конференции студентов, аспирантов и молодых ученых, Томск, 15-19 апреля 2013 г./ Национальный исследовательский Томский политехнический университет (ТПУ).— , 2013
Т. 3.— 2013.— [С. 123-124]
1. autor: Арышева К. С.
Korporacja: Национальный исследовательский Томский политехнический университет (ТПУ) Институт кибернетики (ИК)
Kolejni autorzy: Вахитов А. Р. Александр Робертович (научный руководитель)
Streszczenie:Заглавие с титульного экрана
Język:rosyjski
Wydane: 2013
Seria:Контроль и управление качеством
Hasła przedmiotowe:
Dostęp online:http://www.lib.tpu.ru/fulltext/c/2013/C01/V3/059.pdf
Format: Elektroniczne Rozdział
KOHA link:https://koha.lib.tpu.ru/cgi-bin/koha/opac-detail.pl?biblionumber=244101

MARC

LEADER 00000naa2a2200000 4500
001 244101
005 20251222160109.0
035 |a (RuTPU)RU\TPU\book\265481 
035 |a RU\TPU\book\265470 
090 |a 244101 
100 |a 20131015d2013 k y0rusy50 ca 
101 0 |a rus 
102 |a RU 
135 |a drnn ---uucaa 
181 0 |a i  
182 0 |a b 
200 1 |a Система оценки удовлетворенности учебным процессом для студентов института кибернетики ТПУ  |f К. С. Арышева  |g науч. рук. А. Р. Вахитов 
203 |a Текст  |c электронный 
225 1 |a Контроль и управление качеством 
300 |a Заглавие с титульного экрана 
320 |a [Библиогр.: с. 124 (3 назв.)] 
337 |a Adobe Reader 
461 1 |0 (RuTPU)RU\TPU\book\263794  |t Современные техника и технологии  |o сборник трудов XIX международной научно-практической конференции студентов, аспирантов и молодых ученых, Томск, 15-19 апреля 2013 г.  |o в 3 т.  |f Национальный исследовательский Томский политехнический университет (ТПУ)   |d 2013 
463 1 |0 (RuTPU)RU\TPU\book\263799  |t Т. 3  |v [С. 123-124]  |d 2013 
610 1 |a труды учёных ТПУ 
610 1 |a электронный ресурс 
610 1 |a удовлетворенность 
610 1 |a учебные процессы 
610 1 |a системы оценки 
610 1 |a ТПУ 
700 1 |a Арышева  |b К. С. 
702 1 |a Вахитов  |b А. Р.  |c специалист в области информатики и вычислительной техники  |c аспирант Томского политехнического университета  |f 1984-  |g Александр Робертович  |3 (RuTPU)RU\TPU\pers\25540  |4 727 
712 0 2 |a Национальный исследовательский Томский политехнический университет (ТПУ)  |b Институт кибернетики (ИК)  |3 (RuTPU)RU\TPU\col\18397 
801 2 |a RU  |b 63413507  |c 20180202  |g RCR 
856 4 |u http://www.lib.tpu.ru/fulltext/c/2013/C01/V3/059.pdf 
942 |c CF